Entidades de población: Bío-Bío
Uloženo v:
| Korporativní autor: | |
|---|---|
| Médium: | Kniha |
| Jazyk: | španělština |
| Vydáno: |
s.l
s.n
1960
|
| Témata: | |
| Tagy: |
Přidat tag
Žádné tagy, Buďte první, kdo vytvoří štítek k tomuto záznamu!
|
MARC
| LEADER | 00000nam a2200000 a 4500 | ||
|---|---|---|---|
| 001 | UCO4271 | ||
| 003 | CL-VaPUC | ||
| 005 | 20250228090213.0 | ||
| 008 | 000728e19600000cl |||||||||||||||||spa|d | ||
| 999 | |c 290336 |d 290334 | ||
| 040 | |c Pontificia Universidad Católica de Valparaíso | ||
| 082 | 0 | 4 | |a 310.983 DIR 1960 |2 21 |
| 110 | 2 | |a Dirección de Estadística y Censos |9 448633 | |
| 245 | 1 | 0 | |a Entidades de población: Bío-Bío |
| 260 | |a s.l |b s.n |c 1960 | ||
| 300 | |a 98 páginas | ||
| 583 | |a last modification |c 20170808 05:31:08 |k Rodrigo Vera | ||
| 650 | 7 | |a CENSO 1960 |2 CL-VaPUC |9 448634 | |
| 650 | 0 | |a Población |9 257577 | |
| 650 | 0 | |a Vivienda |9 258662 | |
| 650 | 0 | |a Estadísticas |9 258644 | |
| 650 | 0 | |a Demografía |9 260008 | |
| 651 | 0 | |a Región del Bio-Bío |z CHILE |9 268499 | |
| 942 | |c BK |2 ddc | ||
| 945 | |d 20000728 00:00:00 |a crobeson | ||
| 952 | |0 0 |1 0 |2 ddc |4 0 |6 310_983000000000000_DIR_1960 |7 0 |8 X |9 339674 |a BIBHIS |b BIBHIS |d 2019-11-20 |i 1212656 |o 310.983 DIR 1960 |p 1212656 |r 2023-01-25 |t 1 |w 2019-11-20 |y BK_X |k HIS | ||